[Event "Titled Tuesday intern op 10th Nov"]
[Site "Chess.com INT"]
[Date "2020.11.10"]
[Round "5"]
[White "Harsha, Bharathakoti"]
[Black "Popov, Denis"]
[Result "0-1"]
[WhiteElo "2509"]
[BlackElo "2256"]
[PlyCount "48"]
[EventDate "2020.11.10"]
[EventType "swiss (blitz)"]
[EventRounds "11"]
[EventCountry "USA"]
[SourceTitle "CBM 199 Extra"]
[Source "ChessBase"]
[SourceDate "2021.01.31"]
[SourceVersion "1"]
[SourceVersionDate "2021.01.31"]
[SourceQuality "1"]

1. Nf3 Nf6 2. c4 g6 3. Nc3 d5 4. cxd5 Nxd5 5. e4 Nxc3 6. dxc3 Qxd1+ 7. Kxd1 Bg7 8. h4 Nd7 9. h5 0-0 10. Bc4 Ne5 11. Nxe5 Bxe5 12. Ke2 Bd7 13. Be3 Bc6 14. f3 b6 15. hxg6 hxg6 16. Rh6 e6 17. Rah1 Rfd8 18. Bg5 Rd7 19. Rh7 Bg7 20. Rxg7+ Kxg7 21. e5 f6 22. exf6+ Kf7 23. Rh7+ Kg8 24. Bxe6+ Kxh7 0-1

[Event "Titled Tuesday intern op 06th Oct"]
[Site "Chess.com INT"]
[Date "2020.10.06"]
[Round "7"]
[White "Popov, Denis"]
[Black "Bhakti, Kulkarni"]
[Result "0-1"]
[WhiteElo "2256"]
[BlackElo "2391"]
[PlyCount "66"]
[EventDate "2020.10.06"]
[EventType "swiss (blitz)"]
[EventRounds "10"]
[EventCountry "USA"]
[SourceTitle "CBM 198 Extra"]
[Source "ChessBase"]
[SourceDate "2020.11.30"]
[SourceVersion "1"]
[SourceVersionDate "2020.11.30"]
[SourceQuality "1"]

1. e4 d5 2. exd5 Nf6 3. Bb5+ Bd7 4. Bc4 Bg4 5. f3 Bf5 6. Nc3 g6 7. Nge2 Bg7 8. d3 0-0 9. Bg5 c6 10. dxc6 Nxc6 11. Qd2 a6 12. Bh6 b5 13. Bb3 Bxh6 14. Qxh6 Nd4 15. Nxd4 Qxd4 16. 0-0-0 Rfc8 17. g4 Bd7 18. Ne4 a5 19. Nxf6+ exf6 20. Bxf7+ Kxf7 21. Qxh7+ Ke6 22. Rhe1+ Kd6 23. Qxg6 Qf4+ 24. Kb1 Rg8 25. Qf7 Rae8 26. Re4 Qxf3 27. Rd4+ Kc5 28. b4+ Kxd4 29. Qxd7+ Ke3 30. Re1+ Kd2 31. Rxe8 Qf1+ 32. Kb2 Qc1+ 33. Kb3 a4# 0-1

[Event "Titled Tuesday intern op 06th Oct"]
[Site "Chess.com INT"]
[Date "2020.10.06"]
[Round "4"]
[White "Popov, Denis"]
[Black "Loy, Konstantin"]
[Result "1-0"]
[WhiteElo "2256"]
[BlackElo "2268"]
[PlyCount "85"]
[EventDate "2020.10.06"]
[EventType "swiss (blitz)"]
[EventRounds "10"]
[EventCountry "USA"]
[SourceTitle "CBM 198 Extra"]
[Source "ChessBase"]
[SourceDate "2020.11.30"]
[SourceVersion "1"]
[SourceVersionDate "2020.11.30"]
[SourceQuality "1"]

1. e4 c5 2. Nc3 Nc6 3. Bb5 Nd4 4. Nf3 g6 5. Nxd4 cxd4 6. Ne2 Bg7 7. 0-0 a6 8. Bd3 d6 9. c3 dxc3 10. dxc3 Nf6 11. h3 0-0 12. Be3 Bd7 13. Qd2 Bc6 14. f3 b5 15. Bh6 Bb7 16. Bxg7 Kxg7 17. a4 Nd7 18. axb5 axb5 19. Bxb5 Kg8 20. Bxd7 Qxd7 21. Kh2 Ba6 22. Rfe1 Bxe2 23. Qxe2 Rab8 24. Rac1 Rb3 25. Rc2 Rfb8 26. Rd1 Qb7 27. Rdd2 h5 28. e5 dxe5 29. Qxe5 e6 30. Qd6 Qb5 31. Qd4 Qg5 32. c4 h4 33. Qg4 Qe5+ 34. f4 Qf6 35. Qg5 Kg7 36. c5 Rc8 37. c6 Rb6 38. c7 Rb7 39. Rd7 Qxg5 40. fxg5 Ra7 41. b4 Rb7 42. b5 Rxb5 43. Rd8 1-0

[Event "Titled Tuesday intern op 29th Sept"]
[Site "Chess.com INT"]
[Date "2020.09.29"]
[Round "8"]
[White "Brunner, Nicolas"]
[Black "Popov, Denis"]
[Result "1-0"]
[WhiteElo "2428"]
[BlackElo "2256"]
[PlyCount "93"]
[EventDate "2020.09.29"]
[EventType "swiss (blitz)"]
[EventRounds "10"]
[EventCountry "USA"]
[SourceTitle "CBM 198 Extra"]
[Source "ChessBase"]
[SourceDate "2020.11.30"]
[SourceVersion "1"]
[SourceVersionDate "2020.11.30"]
[SourceQuality "1"]

1. d4 Nf6 2. c4 g6 3. Nc3 d5 4. Bg5 Ne4 5. Bh4 Nxc3 6. bxc3 c5 7. e3 Bg7 8. Nf3 0-0 9. cxd5 Qxd5 10. Be2 Bf5 11. Bxe7 Rc8 12. 0-0 cxd4 13. cxd4 Nc6 14. Ba3 Qa5 15. Qb3 Be6 16. Qb2 Rab8 17. Rac1 b5 18. Bd6 Rb7 19. Ne5 Nxe5 20. Rxc8+ Bxc8 21. dxe5 Be6 22. a3 a6 23. Rc1 Qd8 24. Qd4 Rd7 25. Bg4 Bxg4 26. Qxg4 h5 27. Qf3 Qe8 28. Qd5 Bf8 29. g3 Bxd6 30. exd6 Qe6 31. Qxe6 fxe6 32. Rc6 a5 33. e4 b4 34. axb4 axb4 35. e5 Kf7 36. Rb6 g5 37. Rxb4 Kg6 38. f4 gxf4 39. Rxf4 Ra7 40. Rf6+ Kg5 41. Rxe6 Kf5 42. Re7 Ra8 43. Kg2 Rd8 44. Kh3 Kg6 45. d7 Kg5 46. e6 Kf6 47. Re8 1-0

[Event "Titled Tuesday intern op 29th Sept"]
[Site "Chess.com INT"]
[Date "2020.09.29"]
[Round "3"]
[White "Popov, Denis"]
[Black "Janaszak, Dawid"]
[Result "1/2-1/2"]
[WhiteElo "2256"]
[BlackElo "2356"]
[PlyCount "146"]
[EventDate "2020.09.29"]
[EventType "swiss (blitz)"]
[EventRounds "10"]
[EventCountry "USA"]
[SourceTitle "CBM 198 Extra"]
[Source "ChessBase"]
[SourceDate "2020.11.30"]
[SourceVersion "1"]
[SourceVersionDate "2020.11.30"]
[SourceQuality "1"]

1. e4 g6 2. d4 Bg7 3. Nc3 a6 4. Be3 b5 5. a3 Bb7 6. Qd2 d6 7. f4 Nd7 8. e5 Nh6 9. Nf3 c5 10. exd6 exd6 11. dxc5 0-0 12. cxd6 Nf5 13. 0-0-0 Re8 14. Bf2 Rc8 15. Nd4 Nxd6 16. Ndxb5 Nxb5 17. Nxb5 axb5 18. Qxd7 Qf6 19. Bd4 Qxf4+ 20. Kb1 Bc6 21. Qa7 Red8 22. c3 b4 23. axb4 Ra8 24. Qc5 Rdc8 25. Bd3 Ba4 26. Qd5 Bxd1 27. Bxg7 Rd8 28. Qe4 Qxe4 29. Bxe4 Ra7 30. Bd4 Re7 31. Rxd1 Rxe4 32. Rd2 f5 33. Kc2 Kf7 34. b5 Ke6 35. b6 Rd7 36. b4 f4 37. Rf2 g5 38. Rf3 Kf5 39. Rf2 g4 40. b5 h5 41. Kb3 Rexd4 42. cxd4 Ke4 43. b7 Rxb7 44. Kc4 Ke3 45. Rb2 f3 46. gxf3 gxf3 47. d5 f2 48. Rxf2 Kxf2 49. d6 Ke3 50. Kc5 Ke4 51. Kc6 Rb8 52. d7 Ke5 53. Kc7 Rxb5 54. d8Q Rd5 55. Qe8+ Kd4 56. Qh8+ Ke4 57. Qh7+ Rf5 58. Kd6 Kf4 59. Qh6+ Kg4 60. Qg6+ Rg5 61. Qe4+ Kh3 62. Qe3+ Kh4 63. Ke6 Rg2 64. Qf4+ Kh3 65. Qf3+ Kxh2 66. Qxh5+ Kg3 67. Qg5+ Kf2 68. Qf5+ Ke2 69. Qe5+ Kf3 70. Qd5+ Kg3 71. Qe5+ Kf3 72. Qf5+ Kg3 73. Qe5+ Kf3 1/2-1/2

[Event "Titled Tuesday intern op 08th Sept"]
[Site "Chess.com INT"]
[Date "2020.09.08"]
[Round "8"]
[White "Golubev, Mikhail"]
[Black "Popov, Denis"]
[Result "0-1"]
[WhiteElo "2461"]
[BlackElo "2256"]
[PlyCount "46"]
[EventDate "2020.09.08"]
[EventType "swiss (blitz)"]
[EventRounds "10"]
[EventCountry "USA"]
[SourceTitle "CBM 198 Extra"]
[Source "ChessBase"]
[SourceDate "2020.11.30"]
[SourceVersion "1"]
[SourceVersionDate "2020.11.30"]
[SourceQuality "1"]

1. e4 c5 2. Nf3 Nc6 3. Nc3 e5 4. Bc4 Be7 5. d3 Nf6 6. Ng5 0-0 7. h4 Na5 8. Nd5 Nxc4 9. Nxf6+ Bxf6 10. dxc4 d6 11. Qd3 h6 12. Nf3 Be7 13. Be3 f5 14. 0-0-0 fxe4 15. Qxe4 Bf5 16. Qxb7 Rb8 17. Qd5+ Kh8 18. Nd2 Qa5 19. Kb1 Qc3 20. Nb3 Qxc2+ 21. Ka1 Be4 22. Qe6 Rxb3 23. Qxe7 Qxb2# 0-1

[Event "Titled Tuesday intern op 08th Sept"]
[Site "Chess.com INT"]
[Date "2020.09.08"]
[Round "3"]
[White "Popov, Denis"]
[Black "Petrova, Irina"]
[Result "0-1"]
[WhiteElo "2256"]
[BlackElo "2088"]
[PlyCount "36"]
[EventDate "2020.09.08"]
[EventType "swiss (blitz)"]
[EventRounds "10"]
[EventCountry "USA"]
[SourceTitle "CBM 198 Extra"]
[Source "ChessBase"]
[SourceDate "2020.11.30"]
[SourceVersion "1"]
[SourceVersionDate "2020.11.30"]
[SourceQuality "1"]

1. Nf3 d5 2. d4 Nf6 3. e3 c5 4. Be2 Nc6 5. 0-0 Bf5 6. Na3 e6 7. c4 cxd4 8. exd4 Bxa3 9. bxa3 0-0 10. Be3 Rc8 11. c5 Ne4 12. Qb3 Qc7 13. Rab1 b6 14. cxb6 axb6 15. Qxb6 Nc3 16. Qxc7 Nxe2+ 17. Kh1 Rxc7 18. Rb3 Na5 0-1

[Event "Titled Tuesday intern op 01st Sept"]
[Site "Chess.com INT"]
[Date "2020.09.01"]
[Round "6"]
[White "Labussiere, Victor"]
[Black "Popov, Denis"]
[Result "1-0"]
[WhiteElo "2332"]
[BlackElo "2256"]
[PlyCount "119"]
[EventDate "2020.09.01"]
[EventType "swiss (blitz)"]
[EventRounds "10"]
[EventCountry "USA"]
[SourceTitle "CBM 198 Extra"]
[Source "ChessBase"]
[SourceDate "2020.11.30"]
[SourceVersion "1"]
[SourceVersionDate "2020.11.30"]
[SourceQuality "1"]

1. e4 c5 2. Nf3 Nc6 3. Bb5 g6 4. 0-0 Bg7 5. Re1 e5 6. a4 Nge7 7. Bc4 0-0 8. d3 a6 9. Nc3 Rb8 10. Bg5 h6 11. Bxe7 Nxe7 12. Nd5 Nxd5 13. Bxd5 b6 14. Nd2 Bb7 15. Bxb7 Rxb7 16. Nc4 d5 17. Ne3 d4 18. Nd5 Re8 19. c4 a5 20. Qb3 h5 21. Rf1 Bh6 22. g3 h4 23. Qc2 h3 24. f4 exf4 25. gxf4 Qh4 26. Qf2 Qxf2+ 27. Rxf2 Kg7 28. Rf3 f5 29. e5 g5 30. fxg5 Bxg5 31. Rxf5 Kg6 32. Raf1 Rg7 33. Kh1 Re6 34. R1f3 Rh7 35. Kg1 Be3+ 36. Nxe3 dxe3 37. Kf1 Rhe7 38. Ke2 Rxe5 39. Rxe5 Rxe5 40. Rxe3 Rg5 41. Rxh3 Rg2+ 42. Ke3 Rxb2 43. Rh8 Ra2 44. Rb8 Rxa4 45. Rxb6+ Kf5 46. Rc6 Ra2 47. Rxc5+ Ke6 48. h4 a4 49. Kd4 Rh2 50. h5 a3 51. Ra5 a2 52. Kc3 Kd6 53. d4 Rh3+ 54. Kb4 Rh2 55. Ra6+ Kc7 56. d5 Rxh5 57. Rxa2 Rh1 58. Kc5 Rh5 59. Ra7+ Kb8 60. Rg7 1-0

[Event "Titled Tuesday intern op 01st Sept"]
[Site "Chess.com INT"]
[Date "2020.09.01"]
[Round "1"]
[White "Popov, Denis"]
[Black "Gatineau, Yovann"]
[Result "0-1"]
[WhiteElo "2256"]
[BlackElo "2423"]
[PlyCount "120"]
[EventDate "2020.09.01"]
[EventType "swiss (blitz)"]
[EventRounds "10"]
[EventCountry "USA"]
[SourceTitle "CBM 198 Extra"]
[Source "ChessBase"]
[SourceDate "2020.11.30"]
[SourceVersion "1"]
[SourceVersionDate "2020.11.30"]
[SourceQuality "1"]

1. e4 e5 2. Nf3 Nc6 3. Bb5 a6 4. Ba4 Nf6 5. Bxc6 dxc6 6. d3 Bg4 7. Nbd2 Bd6 8. h3 Be6 9. Qe2 Qd7 10. b3 h6 11. Bb2 0-0-0 12. 0-0-0 Rhe8 13. Kb1 Kb8 14. Rhe1 a5 15. Nc4 Bxc4 16. dxc4 Qe7 17. Nh4 g6 18. Qe3 Bc5 19. Qe2 Nh5 20. g3 Ng7 21. Nf3 f6 22. Nh4 Qf7 23. f3 Ne6 24. c3 Ng5 25. Rh1 f5 26. g4 f4 27. Ng2 a4 28. b4 Bf8 29. a3 Ne6 30. h4 c5 31. Ne1 c6 32. Nd3 Qf6 33. Qf2 b6 34. Rhe1 Kb7 35. Ka2 Rd6 36. Qf1 Red8 37. Rd2 Nc7 38. Red1 Qe6 39. Qe2 Qxc4+ 40. Kb1 cxb4 41. cxb4 Nb5 42. Rc2 Rxd3 43. Rxc4 Rxd1+ 44. Ka2 R8d2 45. Rc2 Rxe2 46. Rxe2 Nd4 47. Bxd4 Rxd4 48. Rb2 c5 49. bxc5 Bxc5 50. Rc2 Kc6 51. Rb2 Rd3 52. Kb1 Rxa3 53. Rf2 Bxf2 54. Kc2 Rb3 55. Kd2 Bc5 56. Ke1 Rb4 57. Ke2 a3 58. Kf1 Rb2 59. g5 a2 60. gxh6 a1Q# 0-1

[Event "Titled Tuesday intern op 25th Aug"]
[Site "Chess.com INT"]
[Date "2020.08.25"]
[Round "4"]
[White "Popov, Denis"]
[Black "Karimov, Alisher"]
[Result "0-1"]
[WhiteElo "2256"]
[BlackElo "2222"]
[PlyCount "72"]
[EventDate "2020.08.25"]
[EventType "swiss (blitz)"]
[EventRounds "10"]
[EventCountry "USA"]
[SourceTitle "CBM 198 Extra"]
[Source "ChessBase"]
[SourceDate "2020.11.30"]
[SourceVersion "1"]
[SourceVersionDate "2020.11.30"]
[SourceQuality "1"]

1. e4 c5 2. Nc3 a6 3. d4 cxd4 4. Qxd4 Nc6 5. Qd2 e6 6. b3 Qc7 7. Bb2 Nf6 8. a3 b5 9. 0-0-0 b4 10. axb4 Bxb4 11. f3 0-0 12. Nge2 d5 13. exd5 exd5 14. Qf4 Qa5 15. Na4 Be7 16. Qg5 h6 17. Qg3 Bf5 18. Bc3 Qd8 19. Nd4 Nxd4 20. Bxd4 Rc8 21. Bd3 Nh5 22. Qe5 Bxd3 23. Rxd3 Nf6 24. Re1 Re8 25. Qg3 Nh5 26. Qf2 Nf4 27. Rde3 Ne6 28. Bb6 Qd7 29. Rd3 Qb5 30. Nc3 Rxc3 31. Rxc3 Bb4 32. Bd4 Qa5 33. Qe3 Re7 34. Rc8+ Nf8 35. Qxe7 Bxe7 36. Rxe7 Qa3+ 0-1

[Event "Titled Tuesday intern op 25th Aug"]
[Site "Chess.com INT"]
[Date "2020.08.25"]
[Round "1"]
[White "Popov, Denis"]
[Black "Novik, Maxim"]
[Result "0-1"]
[WhiteElo "2256"]
[BlackElo "2434"]
[PlyCount "104"]
[EventDate "2020.08.25"]
[EventType "swiss (blitz)"]
[EventRounds "10"]
[EventCountry "USA"]
[SourceTitle "CBM 198 Extra"]
[Source "ChessBase"]
[SourceDate "2020.11.30"]
[SourceVersion "1"]
[SourceVersionDate "2020.11.30"]
[SourceQuality "1"]

1. e4 c6 2. Nf3 d5 3. Nc3 Bg4 4. h3 Bxf3 5. Qxf3 e6 6. Be2 Nf6 7. 0-0 Be7 8. Rd1 0-0 9. d4 dxe4 10. Nxe4 Nxe4 11. Qxe4 Nd7 12. c3 Nf6 13. Qc2 Qc7 14. Bg5 Rfd8 15. Bd3 g6 16. Bxf6 Bxf6 17. Be4 Kg7 18. Rd2 Rd6 19. Rad1 Rad8 20. Bf3 Qd7 21. Qe4 b6 22. a4 c5 23. d5 e5 24. c4 Re8 25. b3 Bd8 26. Qc2 f5 27. Qb2 Bf6 28. Be2 h5 29. Qc2 h4 30. Re1 e4 31. Bf1 Qe7 32. Rde2 Bd4 33. Kh1 Qg5 34. Qc1 Qf6 35. Qf4 Rd7 36. g3 Rh8 37. g4 Be5 38. Qe3 Re7 39. gxf5 gxf5 40. f4 Bd4 41. Qd2 Kf8 42. Rg2 Rg8 43. Rg5 Reg7 44. Rxg7 Qxg7 45. Bg2 Qg3 46. d6 Ke8 47. b4 Kd7 48. bxc5 Bxc5 49. Qe2 Qxf4 50. Qb2 Bxd6 51. Qb5+ Kc7 52. Qb2 Qh2# 0-1

[Event "Titled Tuesday intern op 25th Aug"]
[Site "Chess.com INT"]
[Date "2020.08.25"]
[Round "3"]
[White "Shukhman, Anna"]
[Black "Popov, Denis"]
[Result "0-1"]
[WhiteElo "1866"]
[BlackElo "2256"]
[PlyCount "102"]
[EventDate "2020.08.25"]
[EventType "swiss (blitz)"]
[EventRounds "10"]
[EventCountry "USA"]
[SourceTitle "CBM 198 Extra"]
[Source "ChessBase"]
[SourceDate "2020.11.30"]
[SourceVersion "1"]
[SourceVersionDate "2020.11.30"]
[SourceQuality "1"]

1. e4 c5 2. Nf3 Nc6 3. d4 cxd4 4. Nxd4 e5 5. Nb5 a6 6. Nd6+ Bxd6 7. Qxd6 Qf6 8. Qc7 Nge7 9. Be3 d5 10. Bd3 d4 11. Bd2 0-0 12. 0-0 b5 13. Qb6 Qd6 14. f4 Rb8 15. fxe5 Qxe5 16. Bf4 Rxb6 17. Bxe5 Nxe5 18. Nd2 Nxd3 19. cxd3 Rc6 20. Nb3 Rd8 21. Rac1 Rxc1 22. Rxc1 Be6 23. Rc7 Ng6 24. Nc5 Nf4 25. g3 Nh3+ 26. Kg2 Ng5 27. h4 Bh3+ 28. Kh2 Ne6 29. Rc6 Nxc5 30. Rxc5 Be6 31. Rc6 Ra8 32. a3 h5 33. Rd6 Rc8 34. Rxd4 Rc2+ 35. Kg1 Rxb2 36. Rd8+ Kh7 37. d4 Bg4 38. d5 Re2 39. Re8 Re3 40. d6 Rxg3+ 41. Kf2 Rxa3 42. Re7 Kg6 43. Ra7 Kf6 44. d7 Ke7 45. d8Q+ Kxd8 46. Rxf7 Rf3+ 47. Rxf3 Bxf3 48. Kxf3 Ke7 49. Ke3 Ke6 50. Kd4 a5 51. e5 a4 0-1

[Event "Titled Tuesday intern op 21st July"]
[Site "Chess.com INT"]
[Date "2020.07.21"]
[Round "4"]
[White "Goltseva, Ekaterina"]
[Black "Popov, Denis"]
[Result "1-0"]
[WhiteElo "2306"]
[BlackElo "2256"]
[PlyCount "55"]
[EventDate "2020.07.21"]
[EventType "swiss (blitz)"]
[EventRounds "10"]
[EventCountry "USA"]
[SourceTitle "CBM 197 Extra"]
[Source "ChessBase"]
[SourceDate "2020.09.30"]
[SourceVersion "1"]
[SourceVersionDate "2020.09.30"]
[SourceQuality "1"]

1. d4 Nf6 2. c4 g6 3. Nc3 d5 4. Nf3 Bg7 5. h4 Bg4 6. cxd5 Nxd5 7. Qb3 Nxc3 8. bxc3 b6 9. Ng5 e6 10. f3 h6 11. Nxf7 Kxf7 12. fxg4 Qd5 13. Qc2 Nd7 14. e4 Qc6 15. Bd3 Rhf8 16. e5 Bxe5 17. dxe5 Nxe5 18. 0-0+ Kg7 19. Bf4 Nxg4 20. Bxg6 Qc5+ 21. Kh1 e5 22. Bh7 exf4 23. Qg6+ Kh8 24. Qxg4 Kxh7 25. Rad1 Rad8 26. Rxd8 Rxd8 27. Rxf4 Rd1+ 28. Qxd1 1-0

[Event "Titled Tuesday intern op 21st July"]
[Site "Chess.com INT"]
[Date "2020.07.21"]
[Round "10"]
[White "Popov, Denis"]
[Black "Nastore, Pavel Alexandru"]
[Result "1-0"]
[WhiteElo "2256"]
[BlackElo "2234"]
[PlyCount "45"]
[EventDate "2020.07.21"]
[EventType "swiss (blitz)"]
[EventRounds "10"]
[EventCountry "USA"]
[SourceTitle "CBM 197 Extra"]
[Source "ChessBase"]
[SourceDate "2020.09.30"]
[SourceVersion "1"]
[SourceVersionDate "2020.09.30"]
[SourceQuality "1"]

1. e4 c5 2. Nc3 a6 3. d4 cxd4 4. Qxd4 d6 5. b3 e5 6. Qd2 b5 7. a3 Bb7 8. Bb2 Nf6 9. f3 Nbd7 10. 0-0-0 Be7 11. Kb1 0-0 12. g4 Nb6 13. h4 Rc8 14. h5 Nfd7 15. Nh3 Nc5 16. g5 Ne6 17. Rg1 Nd4 18. Be2 d5 19. g6 fxg6 20. hxg6 h6 21. f4 exf4 22. Qxd4 f3 23. Nxd5 1-0

[Event "Titled Tuesday intern op 21st July"]
[Site "Chess.com INT"]
[Date "2020.07.21"]
[Round "9"]
[White "Xie, Bryan"]
[Black "Popov, Denis"]
[Result "1-0"]
[WhiteElo "2050"]
[BlackElo "2256"]
[PlyCount "139"]
[EventDate "2020.07.21"]
[EventType "swiss (blitz)"]
[EventRounds "10"]
[EventCountry "USA"]
[SourceTitle "CBM 197 Extra"]
[Source "ChessBase"]
[SourceDate "2020.09.30"]
[SourceVersion "1"]
[SourceVersionDate "2020.09.30"]
[SourceQuality "1"]

1. e4 c5 2. Nf3 Nc6 3. Bb5 g6 4. Bxc6 dxc6 5. d3 Bg7 6. h3 Nf6 7. Nc3 Nd7 8. Be3 b6 9. Qd2 h5 10. 0-0 Nf8 11. Nh2 Ne6 12. f4 Bd4 13. Kh1 Bxe3 14. Qxe3 Nd4 15. Rf2 Bd7 16. Nf3 Nxf3 17. Qxf3 Qc7 18. Kg1 0-0-0 19. a4 a5 20. Nd1 f6 21. Ne3 Rdf8 22. c3 e6 23. Rb1 g5 24. b4 gxf4 25. Qxf4 Qxf4 26. Rxf4 cxb4 27. cxb4 axb4 28. Rxb4 Kc7 29. Nc4 b5 30. axb5 cxb5 31. Na3 Kb6 32. Rf1 Kc5 33. Rfb1 Rb8 34. d4+ Kc6 35. Rc1+ Kd6 36. Rc5 Ra8 37. Nxb5+ Bxb5 38. Rbxb5 Ra1+ 39. Kf2 Ra2+ 40. Kf3 Ra3+ 41. Kf4 e5+ 42. dxe5+ fxe5+ 43. Rxe5 Rf8+ 44. Rf5 Rg8 45. Rg5 Rf8+ 46. Rbf5 Rh8 47. Rxh5 Rxh5 48. Rxh5 Ke7 49. Rh6 Kf7 50. Kf5 Ra5+ 51. e5 Ra4 52. g4 Ra1 53. Rb6 Rf1+ 54. Kg5 Re1 55. e6+ Rxe6 56. Rxe6 Kxe6 57. Kg6 Ke7 58. Kg7 Ke6 59. h4 Ke5 60. h5 Ke4 61. h6 Ke3 62. h7 Ke2 63. h8Q Ke1 64. Qh2 Kd1 65. Qf2 Kc1 66. Kf6 Kb1 67. Ke5 Ka1 68. Kd4 Kb1 69. Kc3 Ka1 70. Qb2# 1-0

[Event "Titled Tuesday intern op 14th July"]
[Site "Chess.com INT"]
[Date "2020.07.14"]
[Round "1"]
[White "Popov, Denis"]
[Black "Herrera Reyes, Jose Antonio"]
[Result "0-1"]
[WhiteElo "2256"]
[BlackElo "2304"]
[PlyCount "50"]
[EventDate "2020.07.14"]
[EventType "swiss (blitz)"]
[EventRounds "10"]
[EventCountry "USA"]
[SourceTitle "CBM 197 Extra"]
[Source "ChessBase"]
[SourceDate "2020.09.30"]
[SourceVersion "1"]
[SourceVersionDate "2020.09.30"]
[SourceQuality "1"]

1. e4 c5 2. Nc3 e6 3. Nge2 a6 4. d3 Qc7 5. g3 d6 6. Bg2 b6 7. 0-0 Bb7 8. Be3 Nd7 9. f4 Ngf6 10. h3 Be7 11. Kh2 h5 12. Bf2 0-0-0 13. a3 Rdg8 14. Qd2 d5 15. e5 Ne8 16. d4 g5 17. Na4 gxf4 18. gxf4 f6 19. Rac1 fxe5 20. fxe5 b5 21. Nxc5 Nxc5 22. dxc5 Qxe5+ 23. Kh1 Rxg2 24. Kxg2 d4+ 25. Kg1 Qe4 0-1

[Event "Titled Tuesday intern op 14th July"]
[Site "Chess.com INT"]
[Date "2020.07.14"]
[Round "7"]
[White "Popov, Denis"]
[Black "Markelova, Lubov"]
[Result "0-1"]
[WhiteElo "2256"]
[BlackElo "2179"]
[PlyCount "62"]
[EventDate "2020.07.14"]
[EventType "swiss (blitz)"]
[EventRounds "10"]
[EventCountry "USA"]
[SourceTitle "CBM 197 Extra"]
[Source "ChessBase"]
[SourceDate "2020.09.30"]
[SourceVersion "1"]
[SourceVersionDate "2020.09.30"]
[SourceQuality "1"]

1. e4 e6 2. b3 d5 3. Bb2 dxe4 4. Nc3 Nf6 5. Qe2 Be7 6. Nxe4 0-0 7. 0-0-0 a5 8. g4 Nxe4 9. Qxe4 Bf6 10. d4 a4 11. h4 axb3 12. axb3 Bd7 13. Bd3 g6 14. Rh2 Bc6 15. Qe3 Na6 16. Bxa6 Rxa6 17. f4 Qd6 18. g5 Bg7 19. h5 Rfa8 20. Ne2 Bb5 21. Kb1 Bxe2 22. Qxe2 Qxf4 23. hxg6 hxg6 24. Rf1 Qxg5 25. Qf3 Qf5 26. Qg2 Qd5 27. Qh3 Ra1+ 28. Bxa1 Rxa1+ 29. Kxa1 Qxd4+ 30. c3 Qa7+ 31. Kb1 Qa3 0-1